| 000 | 01410nam a2200229 i 4500 | ||
|---|---|---|---|
| 001 | 165280 | ||
| 003 | ES-MaACL | ||
| 005 | 20260509181302.0 | ||
| 008 | 911217m18421852fr |||| |afre d | ||
| 040 |
_aCAT _bspa _cCAT _dCCPB |
||
| 100 | 1 |
_aWalckenaer, Charles Athanase, _d1771-1852 _9133860 |
|
| 245 | 1 | 0 |
_aMémoires touchant la vie et les écrits de Marie de Rabutin-Chantal, dame de Bourbilly, marquise de Sévigné, durant la Régence et la Fronde / _cpar M. le baron Walckenaer. |
| 260 |
_aParis : _bLibrairie de Firmin Didot frères, _c1842-[1852] |
||
| 300 |
_a[3] v. ; _c18 cm. |
||
| 594 | 1 | _aTítulo variante en el v. 2: Mémoires touchant la vie et les écrits de Marie de Rabutin-Chantal, dame de Bourbilly, marquise de Sévigné, durant le ministère du cardinal Mazarin et la jeunesse de Louis XIV. | |
| 596 | 1 | _aNúm. de v. y fecha de ed. obtenidos de Lorenz. | |
| 597 | 1 | _aPag.: 544 (v. 1); 516 (v. 2) p. | |
| 600 | 1 | 7 |
_aSevigné, Marie de Rabutin-Chantal, _cmarquise de, _d1626-1696 _9132692 |
| 740 | 0 | _aMémoires touchant la vie et les écrits de Marie de Rabutin-Chantal, dame de Bourbilly, marquise de Sévigné, durant le ministère du cardinal Mazarin et la jeunesse de Louis XIV. | |
| 852 |
_aES-MaACL _jF-2696-98 _z-- Enc. tela _q-- Contiene únicamente los T. III-V _x-- Edic.: T. III. 1845 (475 p.) -- T. IV. 1848 (388 p.) -- T. V. 1852 (467, [1] p.) |
||
| 999 |
_c165280 _d165280 |
||